Curso de Geometría diferencial / (Record no. 6669)

000 -CABECERA
fixed length control field 00954nam a22002897a 4500
003 - IDENTIFICADOR DEL NÚMERO DE CONTROL
control field AR-CdUCM
008 - DATOS DE LONGITUD FIJA--INFORMACIÓN GENERAL
fixed length control field 190319b ||||| |||| 00| 0 spa d
020 ## - NÚMERO INTERNACIONAL ESTÁNDAR DEL LIBRO
ISBN 84-205-0395-9
020 ## - NÚMERO INTERNACIONAL ESTÁNDAR DEL LIBRO
ISBN 3-540-06253-X
040 ## - FUENTE DE LA CATALOGACIÓN
Agencia/entidad que catalogó originalmente la obra MUNICIPALIDAD PROVINCIAL DEL CUSCO
Entidad que transcribió la catalogación BIBLIOTECA MUNICIPAL DEL CUSCO
082 ## - NÚMERO DE LA CLASIFICACIÓN DECIMAL DEWEY
No. de Clasificación 516 /
Notacion interna K62
100 ## - ENTRADA PRINCIPAL--NOMBRE DE PERSONA
Nombre Personal Klingenberg, W
245 ## - MENCIÓN DE TÍTULO
Título Curso de Geometría diferencial /
260 ## - PUBLICACIÓN, DISTRIBUCIÓN, ETC.
Lugar de publicación, distribución, etc. Madrid :
Nombre de la editorial, distribuidor, etc. Alhambra,
Fecha de publicación, distribución, etc. 1978.
300 ## - DESCRIPCIÓN FÍSICA
Nº de Páginas Extensión 206 paginas ;
Otros detalles físicos graficos,
Dimensiones 20cm.
440 ## - MENCIÓN DE SERIE/PUNTO DE ACCESO ADICIONAL--TÍTULO
Título Exedra Ciencia tecnica ingenieria
Número de la parte/sección de una obra 121
9 (RLIN) 18763
505 ## - NOTA DE CONTENIDO CON FORMATO
Nota de contenido formateada Contenido: Calculo diferencial -- curvas -- curvas planas -- teoria local de superficies -- geometria...
650 ## - PUNTO DE ACCESO ADICIONAL DE MATERIA--TÉRMINO DE MATERIA
Descriptor Geometria
9 (RLIN) 18764
650 ## - PUNTO DE ACCESO ADICIONAL DE MATERIA--TÉRMINO DE MATERIA
Descriptor Calculo
9 (RLIN) 18765
650 ## - PUNTO DE ACCESO ADICIONAL DE MATERIA--TÉRMINO DE MATERIA
Descriptor Matematicas
9 (RLIN) 9398
650 ## - PUNTO DE ACCESO ADICIONAL DE MATERIA--TÉRMINO DE MATERIA
Descriptor Dimensiones
9 (RLIN) 4154
650 ## - PUNTO DE ACCESO ADICIONAL DE MATERIA--TÉRMINO DE MATERIA
Descriptor Libros de enseñanza
9 (RLIN) 18766
700 ## - PUNTO DE ACCESO ADICIONAL--NOMBRE DE PERSONA
Nombre Personal Yebra, Andres
9 (RLIN) 18767
942 ## - ELEMENTOS DE PUNTO DE ACCESO ADICIONAL (KOHA)
Fuente de clasificación
Tipo de item Libros-BMC
945 ## - PROCESAMIENTO DE INFORMACIÓN LOCAL (OCLC)
Catalogador pjha
Holdings
Estado de retiro (separado) Fuente de clasificación o esquema de estanterías Estado dañado Ubicación Sala donde se ubica Nombre de la colección Fecha de adquisición o compra Costo, precio normal en soles Signatura topográfica Código de Barras Última vez visto (Koha) Tipo de ítem (Koha)
No     Sala Ciencias Sala Ciencias Book Cart 2019-03-19 20.00 516 / K62 SC0000000126 2019-03-19 Libros-BMC

Powered by Koha